| 000 | 00497nam a2200205Ia 4500 | ||
|---|---|---|---|
| 008 | 210210b1952 xxu||||| |||| 00| 0 eng d | ||
| 041 | _aeng | ||
| 082 | _a887/35 | ||
| 100 | _aPARAB (Bi E) | ||
| 245 | _aMiraculous and mysterious in vedic literature | ||
| 260 |
_aBombay _bThe Popular Book Depot _c1952 |
||
| 650 | _avedic | ||
| 650 | _amysterious | ||
| 650 | _aMiraculous | ||
| 650 | _aliterature | ||
| 650 | _ain | ||
| 650 | _aand | ||
| 690 | _aSanskrit Literature | ||
| 906 | _a024633 | ||
| 999 |
_c150256 _d150256 |
||